All Snow White and the Seven Dwarves Characters by screen time - Statistics

General Stats
  • This quiz has been taken 16 times
  • The average score is 11 of 12
Answer Stats
% Of Movie Screen Time Answer % Correct
26.57 22:03 Doc
100%
20.35 16:53 Dopey
100%
22.84 18:57 Happy
100%
25.09 20:49 Sneezy
100%
35.33 29:19 Snow White
100%
23.44 19:27 Bashful
92%
14.62 12:08 Evil Queen
92%
25.57 21:13 Grumpy
92%
5.08 4:13 Prince
83%
21.51 17:51 Sleepy
83%
1.47 1:13 Huntsman
75%
1.16 0:58 Magic Mirror
42%
No matching quizzes found
Score Distribution
Percent of People with Each Score
Percentile by Number Answered
Your Score History
You have not taken this quiz